| 000 | 00458nam a2200157 i 4500 | ||
|---|---|---|---|
| 001 | 78740 | ||
| 003 | ES-MaACL | ||
| 005 | 20230906173811.0 | ||
| 007 | t| | ||
| 008 | 041015s1905 it ||||1| ita d | ||
| 100 | 1 |
_aHall, A. D. _961552 |
|
| 245 | 1 | 3 |
_aIl suolo _b: introduzione allo studio scientifico dello sviluppo delle piante / _cA.D. Hall. |
| 260 |
_aTorino : _b[Vicenzo Bona], _c1905. |
||
| 300 |
_aXII, 352 p. ; _c21 cm. |
||
| 852 |
_aES-MaACL _jF-5009 |
||
| 999 |
_c78740 _d78740 |
||